Statistics for Countries with exclaves

Click here to take the quiz!

General Stats

  • This quiz has been taken 204 times
    (163 since last reset)
  • The average score is 16 of 25

Answer Stats

# exclavesAnswer% Correct
3Russia
95%
4United States
94%
2France
89%
3United Kingdom
88%
4Spain
84%
8Netherlands
82%
22Belgium
78%
1Italy
74%
1Angola
71%
6Germany
70%
4Azerbaijan
67%
1Armenia
60%
2Turkey
60%
2Oman
58%
4Uzbekistan
58%
3Tajikistan
56%
1Kyrgyzstan
55%
1Bangladesh
54%
1United Arab Emirates
54%
1Brunei
53%
3Argentina
50%
2Croatia
50%
1Bosnia and Herzegovina
38%
1East Timor
37%
4Cyprus
22%

Score Distribution

Percentile by Number Answered

Percent of People with Each Score

Your Score History

You have not taken this quiz since the last reset